Statistiken für Kreise von Deutschland auf einer Karte

Klicken Sie hier um das Quiz zu spielen!

Allgemein

  • Dieses Quiz wurde 1.560 mal gespielt
  • Das Durchschnittsergebnis liegt bei 173 aus 401

Antworten auf der Karte

Die Antworten werden auf der Karte rot bzw. grün angezeigt, abhängig davon wie oft sie richtig erraten wurden.
 

Antwortstatistiken

District% Korrekt
Berlin
85%
Frankfurt am Main
83%
Köln
81%
München
81%
München (Stadt)
81%
Bremen
80%
Hamburg
80%
Kiel
78%
Düsseldorf
77%
Aachen
76%
Dortmund
76%
Dresden
76%
Potsdam
76%
Potsdam-Mittelmark
76%
Rostock
76%
Rostock (Stadt)
76%
Leipzig
75%
Leipzig (Stadt)
75%
Saarbrücken
75%
Stuttgart
75%
Bonn
73%
Essen
73%
Nürnberg
73%
Schwerin
73%
Bremerhaven
72%
Flensburg
72%
Hannover
72%
Mainz
72%
Mainz-Bingen
72%
Erfurt
71%
Bochum
70%
Chemnitz
70%
Magdeburg
70%
Bielefeld
69%
Kassel
69%
Kassel (Stadt)
69%
Münster
69%
Duisburg
68%
Karlsruhe
68%
Karlsruhe (Stadtkreis)
68%
Lübeck
68%
Ulm
68%
Gelsenkirchen
67%
Heidekreis
67%
Osnabrück
67%
Osnabrück (Stadt)
67%
Augsburg
66%
Augsburg (Stadt)
66%
Jena
66%
Mannheim
66%
Wiesbaden
66%
Braunschweig
65%
Halle (Saale)
65%
Trier
65%
Trier-Saarburg
65%
Wolfsburg
65%
Cottbus
64%
Leverkusen
64%
Oldenburg
64%
Oldenburg (Oldb)
64%
Regen
64%
Darmstadt
63%
Darmstadt-Dieburg
63%
Paderborn
63%
Fürth
62%
Fürth (Stadt)
62%
Koblenz
62%
Passau
62%
Passau (Stadt)
62%
Wuppertal
62%
Brandenburg an der Havel
61%
Regensburg
61%
Regensburg (Stadt)
61%
Würzburg
61%
Würzburg (Stadt)
61%
Baden-Baden
60%
Kaiserslautern
60%
Kaiserslautern (Stadt)
60%
Konstanz
60%
Mönchengladbach
60%
Oberhausen
60%
Hamm
59%
Heidelberg
59%
Ingolstadt
59%
Offenbach
59%
Offenbach am Main
59%
Bamberg
58%
Bamberg (Stadt)
58%
Gera
58%
Ludwigshafen am Rhein
58%
Göttingen
57%
Aschaffenburg
56%
Aschaffenburg (Stadt)
56%
Cuxhaven
56%
Gießen
56%
Hof
56%
Hof (Stadt)
56%
Krefeld
56%
Zwickau
56%
Bayreuth
55%
Bayreuth (Stadt)
55%
Emden
55%
Fulda
55%
Erlangen
54%
Erlangen-Höchstadt
54%
Frankfurt (Oder)
54%
Rosenheim
54%
Rosenheim (Stadt)
54%
Bodenseekreis
53%
Bottrop
53%
Görlitz
53%
Lüneburg
53%
Neu-Ulm
53%
Recklinghausen
53%
Weimar
53%
Wilhelmshaven
53%
Hagen
51%
Herne
51%
Nordfriesland
51%
Saarlouis
51%
Solingen
51%
Hildesheim
50%
Pforzheim
50%
Tübingen
50%
Emsland
49%
Friesland
49%
Heilbronn
49%
Heilbronn (Stadtkreis)
49%
Kleve
49%
Mülheim an der Ruhr
49%
Unna
49%
Celle
48%
Kempten (Allgäu)
48%
Salzgitter
48%
Schweinfurt
48%
Schweinfurt (Stadt)
48%
Gütersloh
47%
Lippe
47%
Neumünster
47%
Ravensburg
47%
Worms
47%
Düren
46%
Eisenach
46%
Harz
46%
Hochsauerland
46%
Bautzen
45%
Freiburg im Breisgau
45%
Ludwigsburg
45%
Reutlingen
45%
Coburg
44%
Coburg (Stadt)
44%
Lindau (Bodensee)
44%
Oberallgäu
44%
Speyer
44%
Esslingen
43%
Memmingen
43%
Olpe
43%
Remscheid
43%
Rhein-Sieg-Kreis
43%
Aurich
42%
Heidenheim
42%
Leer
42%
Stade
42%
Wesel
42%
Delmenhorst
41%
Euskirchen
41%
Gotha
41%
Landshut
41%
Landshut (Stadt)
41%
Mecklenburgische Seenplatte
41%
Mettmann
41%
Pinneberg
41%
Viersen
41%
Borken
40%
Coesfeld
40%
Dachau
40%
Garmisch-Partenkirchen
40%
Goslar
40%
Heinsberg
40%
Herford
40%
Höxter
40%
Neunkirchen
40%
Soest
40%
Uckermark
40%
Ansbach
39%
Ansbach (Stadt)
39%
Berchtesgadener Land
39%
Cloppenburg
39%
Havelland
39%
Landau in der Pfalz
39%
Lörrach
39%
Meißen
39%
Ostholstein
39%
Rhein-Erft-Kreis
39%
Steinfurt
39%
Vechta
39%
Zweibrücken
39%
Amberg
38%
Amberg-Sulzbach
38%
Böblingen
38%
Main-Taunus-Kreis
38%
Ostallgäu
38%
Pirmasens
38%
Rastatt
38%
Roth
38%
Vogtlandkreis
38%
Cham
37%
Dessau-Roßlau
37%
Erding
37%
Göppingen
37%
Main-Kinzig-Kreis
37%
Märkischer Kreis
37%
Peine
37%
Plön
37%
Straubing
37%
Straubing-Bogen
37%
Unterallgäu
37%
Warendorf
37%
Westerwaldkreis
37%
Wittenberg
37%
Grafschaft Bentheim
36%
Lahn-Dill-Kreis
36%
Nordwestmecklenburg
36%
Starnberg
36%
Suhl
36%
Uelzen
36%
Ahrweiler
35%
Bergstraße
35%
Deggendorf
35%
Erzgebirgskreis
35%
Freising
35%
Nordsachsen
35%
Rhein-Neckar-Kreis
35%
Stendal
35%
Tuttlingen
35%
Vogelsbergkreis
35%
Vulkaneifel
35%
Weiden in der Oberpfalz
35%
Wolfenbüttel
35%
Calw
34%
Fürstenfeldbruck
34%
Groß-Gerau
34%
Harburg
34%
Schwäbisch Hall
34%
Segeberg
34%
Traunstein
34%
Verden
34%
Vorpommern-Greifswald
34%
Vorpommern-Rügen
34%
Wittmund
34%
Bad Kreuznach
33%
Diepholz
33%
Dithmarschen
33%
Frankenthal (Pfalz)
33%
Gifhorn
33%
Herzogtum Lauenburg
33%
Ilm-Kreis
33%
Mittelsachsen
33%
Neuwied
33%
Oberbergischer Kreis
33%
Oberhavel
33%
Odenwaldkreis
33%
Oder-Spree
33%
Prignitz
33%
Rheinisch-Bergischer Kreis
33%
Rotenburg (Wümme)
33%
Bad Kissingen
32%
Biberach
32%
Dahme-Spreewald
32%
Emmendingen
32%
Ennepe-Ruhr-Kreis
32%
Freudenstadt
32%
Kaufbeuren
32%
Kulmbach
32%
Nienburg/Weser
32%
Nordhausen
32%
Ortenaukreis
32%
Ostalbkreis
32%
Rottweil
32%
Sigmaringen
32%
St. Wendel
32%
Wartburgkreis
32%
Altötting
31%
Barnim
31%
Börde
31%
Breisgau-Hochschwarzwald
31%
Elbe-Elster
31%
Greiz
31%
Hochtaunuskreis
31%
Kyffhäuserkreis
31%
Landsberg am Lech
31%
Ludwigslust-Parchim
31%
Neustadt an der Weinstraße
31%
Northeim
31%
Rhein-Kreis Neuss
31%
Saale-Orla-Kreis
31%
Schaumburg
31%
Spree-Neiße
31%
Steinburg
31%
Stormarn
31%
Wesermarsch
31%
Wetteraukreis
31%
Ammerland
30%
Burgenlandkreis
30%
Enzkreis
30%
Germersheim
30%
Günzburg
30%
Hohenlohekreis
30%
Holzminden
30%
Jerichower Land
30%
Neumarkt in der Oberpfalz
30%
Osterholz
30%
Rendsburg-Eckernförde
30%
Rhein-Pfalz-Kreis
30%
Saarpfalz-Kreis
30%
Siegen-Wittgenstein
30%
Tirschenreuth
30%
Waldshut
30%
Alb-Donau-Kreis
29%
Altenkirchen (Westerwald)
29%
Altmarkkreis Salzwedel
29%
Bad Dürkheim
29%
Dillingen an der Donau
29%
Helmstedt
29%
Main-Spessart
29%
Main-Tauber-Kreis
29%
Miesbach
29%
Neckar-Odenwald-Kreis
29%
Rems-Murr-Kreis
29%
Schleswig-Flensburg
29%
Schwabach
29%
Schwarzwald-Baar-Kreis
29%
Sonneberg
29%
Werra-Meißner-Kreis
29%
Wunsiedel im Fichtelgebirge
29%
Birkenfeld
28%
Donnersbergkreis
28%
Eichsfeld
28%
Eifelkreis Bitburg-Prüm
28%
Forchheim
28%
Haßberge
28%
Kitzingen
28%
Kusel
28%
Lüchow-Dannenberg
28%
Märkisch-Oderland
28%
Miltenberg
28%
Minden-Lübbecke
28%
Rhein-Hunsrück-Kreis
28%
Saale-Holzland-Kreis
28%
Saalekreis
28%
Salzlandkreis
28%
Schwalm-Eder-Kreis
28%
Sömmerda
28%
Südliche Weinstraße
28%
Altenburger Land
27%
Donau-Ries
27%
Eichstätt
27%
Hildburghausen
27%
Kronach
27%
Lichtenfels
27%
Marburg-Biedenkopf
27%
Oberspreewald-Lausitz
27%
Rheingau-Taunus-Kreis
27%
Rhein-Lahn-Kreis
27%
Rhön-Grabfeld
27%
Rottal-Inn
27%
Teltow-Fläming
27%
Unstrut-Hainich-Kreis
27%
Zollernalbkreis
27%
Ebersberg
26%
Hameln-Pyrmont
26%
Pfaffenhofen an der Ilm
26%
Schwandorf
26%
Südwestpfalz
26%
Anhalt-Bitterfeld
25%
Mayen-Koblenz
25%
Mühldorf am Inn
25%
Sächsische Schweiz-Osterzgebirge
25%
Schmalkalden-Meiningen
25%
Weimarer Land
25%
Alzey-Worms
24%
Cochem-Zell
24%
Merzig-Wadern
24%
Ostprignitz-Ruppin
24%
Waldeck-Frankenberg
24%
Bernkastel-Wittlich
23%
Freyung-Grafenau
23%
Hersfeld-Rotenburg
23%
Kelheim
23%
Limburg-Weilburg
23%
Bad Tölz-Wolfratshausen
22%
Mansfeld-Südharz
22%
Nürnberger Land
22%
Saalfeld-Rudolstadt
22%
Neustadt an der Waldnaab
21%
Dingolfing-Landau
20%
Weilheim-Schongau
19%
Aichach-Friedberg
18%
Weißenburg-Gunzenhausen
18%
Neuburg-Schrobenhausen
16%
Neustadt an der Aisch-Bad Windsheim
16%

Verteilung der Resultate

Perzentil nach korrekt beantworteten Fragen

Anzahl Personen mit jedem Resultat

Ihre Resultats-Entwicklung

Sie haben dieses Quiz noch nicht gespielt